Central Library OPAC University of Rajshahi

Financing business firms / (Record no. 85234)

MARC details
000 -LEADER
fixed length control field 00605nam a2200205 a 4500
001 - CONTROL NUMBER
control field 85234
003 - CONTROL NUMBER IDENTIFIER
rucl marc code BD-RjUL
005 - DATE AND TIME OF LATEST TRANSACTION
control field 20250717152526.0
008 - FIXED-LENGTH DATA ELEMENTS--GENERAL INFORMATION
fixed length control field 250717s1955 ilua bs 001 0 eng d
035 ## - SYSTEM CONTROL NUMBER
System control number (BD-RjUL)85234
040 ## - CATALOGING SOURCE
Original cataloging agency DLC
Transcribing agency DLC
Modifying agency DLC
-- BD-RjUL
Language of cataloging eng
041 ## - LANGUAGE CODE
Language code of text/sound track or separate title eng
082 00 - DEWEY DECIMAL CLASSIFICATION NUMBER
Edition number 23
Classification number 658.15
Author mark and year PRF 1955
100 1# - MAIN ENTRY--PERSONAL NAME
Personal name Prather, Charles Lee,
Dates associated with a name 1899-
9 (RLIN) 11082
245 10 - TITLE STATEMENT
Title Financing business firms /
Statement of responsibility, etc. Charles L. Prather
260 0# - PUBLICATION, DISTRIBUTION, ETC. (IMPRINT)
Place of publication, distribution, etc. Homewood, Ill. :
Name of publisher, distributor, etc. R. D. Irwin,
Date of publication, distribution, etc. 1955
300 ## - PHYSICAL DESCRIPTION
Pagination Various paging :
Illustrations illus. ;
Size 24 cm.
650 #0 - SUBJECT ADDED ENTRY--TOPICAL TERM
Topical term or geographic name as entry element Business enterprises
General subdivision Finance.
9 (RLIN) 49597
942 ## - ADDED ENTRY ELEMENTS (KOHA)
Source of classification or shelving scheme Dewey Decimal Classification
Koha item type Books
Holdings
Lost status Source of classification or shelving scheme Damaged status Not for loan Collection code Permanent Location Current Location Shelving location Date acquired Total Checkouts Full call number Date last seen Copy number Koha item type
  Dewey Decimal Classification   Not For Loan Non-fiction Central Library, University of Rajshahi Central Library, University of Rajshahi Reading Room 17/07/2025   658.15 PRF 1955 17/07/2025 C-1 Books